Monetary trends in the United States and the United Kingdom their relation to income, prices, and interest rates, 1867-1975 /

Bibliographic Details
Main Author: Friedman, Milton, 1912-2006.
Corporate Authors: National Bureau of Economic Research., ProQuest (Firm)
Other Authors: Schwartz, Anna J. 1915-2012.
Format: Electronic eBook
Language:English
Published: Chicago : University of Chicago Press, c1982.
Series:National Bureau of Economic Research monograph.
Subjects:
Online Access:Click to View
LEADER 01821nam a2200445 a 4500
001 EBC672979
003 MiAaPQ
005 20200520144314.0
006 m o d |
007 cr cn|||||||||
008 811022s1982 ilua sb 001 0 eng d
010 |z  81016273  
020 |z 9780226264103 
020 |z 0226264092 
020 |a 9780226264257 (electronic bk.) 
035 |a (MiAaPQ)EBC672979 
035 |a (Au-PeEL)EBL672979 
035 |a (CaPaEBR)ebr10456343 
035 |a (OCoLC)709551379 
040 |a MiAaPQ  |c MiAaPQ  |d MiAaPQ 
043 |a n-us---  |a e-uk--- 
050 4 |a HG501  |b .F74 1982 
082 0 4 |a 332.4/973  |2 19 
100 1 |a Friedman, Milton,  |d 1912-2006. 
245 1 0 |a Monetary trends in the United States and the United Kingdom  |h [electronic resource] :  |b their relation to income, prices, and interest rates, 1867-1975 /  |c Milton Friedman and Anna J. Schwartz. 
260 |a Chicago :  |b University of Chicago Press,  |c c1982. 
300 |a xxxi, 664 p. :  |b ill. 
490 1 |a A National Bureau of Economic Research monograph 
504 |a Includes bibliographical references and index. 
533 |a Electronic reproduction. Ann Arbor, MI : ProQuest, 2015. Available via World Wide Web. Access may be limited to ProQuest affiliated libraries. 
650 0 |a Money supply  |z United States  |x History. 
650 0 |a Money supply  |z Great Britain  |x History. 
651 0 |a United States  |x Economic conditions. 
651 0 |a Great Britain  |x Economic conditions. 
655 4 |a Electronic books. 
700 1 |a Schwartz, Anna J.  |q (Anna Jacobson),  |d 1915-2012. 
710 2 |a National Bureau of Economic Research. 
710 2 |a ProQuest (Firm) 
830 0 |a National Bureau of Economic Research monograph. 
856 4 0 |u https://ebookcentral.proquest.com/lib/matrademy/detail.action?docID=672979  |z Click to View